书目信息 |
| 题名: |
政府绩效评估
|
|
| 作者: | 蔡立辉 编著 | |
| 分册: | ||
| 出版信息: | 北京 中国人民大学出版社 2012 |
|
| 页数: | 267页 | |
| 开本: | 26cm | |
| 丛书名: | ||
| 单 册: | ||
| 中图分类: | D035.1 | |
| 科图分类: | ||
| 主题词: | 国家行政机关--行政管理--评估--高等学校--教材 , 国家行政机关 , 行政管理 | |
| 电子资源: | ||
| ISBN: | 978-7-300-15218-9 | |
| 000 | 00846nam0 2200265 450 | |
| 001 | 523 | |
| 005 | 20140905095720.07 | |
| 010 | @a978-7-300-15218-9@dCNY35.00 | |
| 100 | @a20121101d2012 em y0chiy50 ea | |
| 101 | 0 | @achi |
| 102 | @aCN@b110000 | |
| 105 | @ay z 000yy | |
| 106 | @ar | |
| 200 | 1 | @a政府绩效评估@f蔡立辉编著 |
| 210 | @a北京@c中国人民大学出版社@d2012 | |
| 215 | @a267页@d26cm | |
| 300 | @a国家级精品课程教材 21世纪公共管理系列教材 | |
| 330 | @a本书内容包括:政府绩效评估的理论问题、政府绩效评估的主体、政府绩效评估指标体系的构建、政府绩效评估程序、政府绩效评估结果的应用与绩效改进等。 | |
| 606 | 0 | @a国家行政机关@x行政管理@x评估@x高等学校@j教材 |
| 606 | 0 | @a国家行政机关 |
| 606 | 0 | @a行政管理 |
| 690 | @aD035.1@v5 | |
| 701 | 0 | @a蔡立辉@4编著 |
| 801 | 0 | @aCN@bTANGWEI@c20140603 |
| 905 | @b0842660-62@dD035.1@e111@f3 | |
| 政府绩效评估/蔡立辉编著.-北京:中国人民大学出版社,2012 |
| 267页;26cm |
| 国家级精品课程教材 21世纪公共管理系列教材 |
| ISBN 978-7-300-15218-9:CNY35.00 |
| 本书内容包括:政府绩效评估的理论问题、政府绩效评估的主体、政府绩效评估指标体系的构建、政府绩效评估程序、政府绩效评估结果的应用与绩效改进等。 |
| ● |
| 相关链接 |
|
|
|
|
正题名:政府绩效评估
索取号:D035.1/111
 
预约/预借
| 序号 | 登录号 | 条形码 | 馆藏地/架位号 | 状态 | 备注 |
| 1 | 0842660 | 208426602 | 第一样本阅览室/ [索取号:D035.1/111] | 在馆 | |
| 2 | 0842661 | 208426611 | 第一借阅区/ [索取号:D035.1/111] | 在馆 | |
| 3 | 0842662 | 208426620 | 史法系资料室/ [索取号:D035.1/111] | 在馆 |